[Event "Manizales op 30th"]
[Site "Manizales"]
[Date "2025.01.10"]
[Round "5"]
[White "Badillo, Julio Cesar"]
[Black "Restrepo, Hugo"]
[Result "1-0"]
[WhiteElo "1821"]
[BlackElo "1655"]
[PlyCount "37"]
[EventDate "2025.01.08"]
[EventType "tourn"]
[EventRounds "7"]
[EventCountry "COL"]
[SourceTitle "CB03_2025"]
[SourceDate "2025.01.15"]
[SourceVersion "1"]
[SourceVersionDate "2025.01.15"]
[SourceQuality "1"]

1. e4 c5 2. d4 cxd4 3. c3 dxc3 4. Nxc3 e6 5. Nf3 Nc6 6. Bd3 d6 7. 0-0 Nf6 8. Bf4 e5 9. Be3 Be7 10. h3 Be6 11. a3 0-0 12. b4 Rc8 13. Rc1 b6 14. Kh1 Nd7 15. Ba6 Rb8 16. Nb5 Nd4 17. Bxd4 exd4 18. Nfxd4 Bf6 19. Nc6 1-0

[Event "Pereira Cosecha op"]
[Site "Pereira"]
[Date "2024.08.28"]
[Round "1"]
[White "Pazos Gambarrotti, Plinio Efrain"]
[Black "Restrepo, Hugo"]
[Result "1-0"]
[WhiteElo "2020"]
[BlackElo "1683"]
[PlyCount "77"]
[EventDate "2024.08.28"]
[EventType "swiss"]
[EventRounds "9"]
[EventCountry "COL"]
[SourceTitle "EXT 2025"]
[Source "ChessBase"]
[SourceDate "2024.10.14"]
[SourceVersion "1"]
[SourceVersionDate "2024.10.14"]
[SourceQuality "1"]

1. d4 Nf6 2. c4 e6 3. Nc3 d5 4. Bg5 Be7 5. e3 0-0 6. Nf3 c6 7. Bd3 Nbd7 8. 0-0 Re8 9. Qc2 Nf8 10. Rab1 dxc4 11. Bxc4 b5 12. Bd3 Bb7 13. Rfd1 Rc8 14. Bxf6 Bxf6 15. Ne4 Be7 16. Nc5 Bxc5 17. dxc5 Qe7 18. a4 a6 19. Nd2 f5 20. e4 g6 21. Nf3 Nd7 22. b4 Nf6 23. Re1 Qc7 24. Re2 Rcd8 25. Qc3 Rxd3 26. Qxd3 fxe4 27. Rxe4 Nxe4 28. Qxe4 Bc8 29. h4 e5 30. Rd1 Bf5 31. Qe3 e4 32. axb5 axb5 33. Rd6 Rd8 34. Qf4 Qxd6 35. cxd6 exf3 36. g4 Bc8 37. h5 Rf8 38. Qd4 gxh5 39. d7 1-0

[Event "Medellin op"]
[Site "Medellin"]
[Date "2024.04.14"]
[Round "6"]
[White "Cachihuango Giraldo, Julieta"]
[Black "Restrepo, Hugo"]
[Result "1-0"]
[WhiteElo "1435"]
[BlackElo "1714"]
[PlyCount "37"]
[EventDate "2024.04.10"]
[EventType "swiss"]
[EventRounds "7"]
[EventCountry "COL"]
[SourceTitle "EXT 2025"]
[Source "ChessBase"]
[SourceDate "2024.10.14"]
[SourceVersion "1"]
[SourceVersionDate "2024.10.14"]
[SourceQuality "1"]

1. e4 e5 2. Nf3 Nc6 3. Bc4 Bc5 4. Nc3 d6 5. h3 Be6 6. Bb3 Nf6 7. d3 Qd7 8. Bd2 d5 9. Ba4 Bd6 10. Bg5 d4 11. Bxf6 gxf6 12. Nd5 Bxd5 13. exd5 Bb4+ 14. c3 dxc3 15. dxc6 cxb2+ 16. Ke2 bxc6 17. Rb1 Bc3 18. Qc2 Bd4 19. Bxc6 1-0

[Event "Antioquia op"]
[Site "Antioquia"]
[Date "2020.03.07"]
[Round "8"]
[White "Lopez Rayo, Santiago"]
[Black "Restrepo, Hugo"]
[Result "1-0"]
[WhiteElo "1972"]
[BlackElo "1700"]
[PlyCount "51"]
[EventDate "2020.03.03"]
[EventType "swiss"]
[EventRounds "9"]
[EventCountry "COL"]
[SourceTitle "CBM 195 Extra"]
[Source "ChessBase"]
[SourceDate "2020.05.31"]
[SourceVersion "1"]
[SourceVersionDate "2020.05.31"]
[SourceQuality "1"]

1. e4 c5 2. Nf3 e6 3. d4 cxd4 4. Nxd4 a6 5. Nc3 Nc6 6. g3 Qc7 7. Bg2 Nf6 8. 0-0 Be7 9. Re1 0-0 10. Nxc6 bxc6 11. e5 Ne8 12. Qh5 f5 13. exf6 Nxf6 14. Qe2 d5 15. Bh3 Kh8 16. Bxe6 Bxe6 17. Qxe6 Bc5 18. Rf1 Rae8 19. Qh3 Qa7 20. Bf4 Ne4 21. Nxe4 Rxe4 22. Qh5 Qe7 23. c3 Re2 24. b4 Bb6 25. h4 Qe6 26. Be3 1-0

[Event "Antioquia op"]
[Site "Antioquia"]
[Date "2020.03.06"]
[Round "5"]
[White "Restrepo, Hugo"]
[Black "Cardona, Jacobo"]
[Result "0-1"]
[WhiteElo "1700"]
[BlackElo "1409"]
[PlyCount "46"]
[EventDate "2020.03.03"]
[EventType "swiss"]
[EventRounds "9"]
[EventCountry "COL"]
[SourceTitle "CBM 195 Extra"]
[Source "ChessBase"]
[SourceDate "2020.05.31"]
[SourceVersion "1"]
[SourceVersionDate "2020.05.31"]
[SourceQuality "1"]

1. e4 c5 2. Nf3 Nc6 3. d4 cxd4 4. Nxd4 Nf6 5. Nc3 e5 6. Ndb5 d6 7. Bg5 a6 8. Bxf6 gxf6 9. Na3 b5 10. Nd5 Bg7 11. Bd3 Ne7 12. c4 Nxd5 13. cxd5 0-0 14. 0-0 f5 15. f3 fxe4 16. fxe4 Qg5 17. Nc2 f5 18. Qc1 f4 19. Nb4 Bh3 20. Rf2 Bh6 21. Qc7 f3 22. g3 Qf6 23. Re1 Bd2 0-1

[Event "Medellin U2000 op"]
[Site "Medellin"]
[Date "2019.10.??"]
[Round "4.5"]
[White "Restrepo, Hugo"]
[Black "Sierra Almanza, Jorge"]
[Result "0-1"]
[WhiteElo "1816"]
[BlackElo "1600"]
[PlyCount "96"]
[EventDate "2019.10.19"]
[EventType "swiss"]
[EventRounds "7"]
[EventCountry "COL"]
[SourceTitle "EXT 2024"]
[Source "ChessBase"]
[SourceDate "2023.10.10"]
[SourceVersion "1"]
[SourceVersionDate "2023.10.10"]
[SourceQuality "1"]

1. e4 c5 2. Nf3 Nc6 3. Bb5 a6 4. Bxc6 bxc6 5. 0-0 Nf6 6. Re1 e6 7. c4 d5 8. e5 Nd7 9. cxd5 cxd5 10. Qa4 g6 11. d4 cxd4 12. Bg5 Be7 13. Bh6 Rb8 14. Qxd4 Rb4 15. Qd2 Qb6 16. b3 Bb7 17. Nc3 Nc5 18. Rad1 Kd7 19. Nd4 Rc8 20. Qf4 Ke8 21. a3 Nxb3 22. axb4 Rxc3 23. Nxb3 Rxb3 24. Rb1 Rxb4 25. Rxb4 Qxb4 26. Qxb4 Bxb4 27. Rb1 a5 28. Bg5 Ba6 29. Be3 Kd7 30. Bb6 Kc6 31. Bd4 Bc4 32. f4 Bd3 33. Rc1+ Bc4 34. Kf2 Bd2 35. Ra1 Bb5 36. g4 a4 37. Kf3 Kb7 38. Ra2 Ba5 39. Bc5 Bb6 40. Bxb6 Kxb6 41. Ke3 Kc5 42. Kd2 Kd4 43. Rb2 Bc4 44. Rb7 a3 45. Rxf7 a2 46. Ra7 Ke4 47. f5 gxf5 48. g5 Kf4 0-1

[Event "Tunja Boyaca op-B"]
[Site "Tunja"]
[Date "2019.08.01"]
[Round "3"]
[White "Sandoval Guerrero, Juan David"]
[Black "Restrepo, Hugo"]
[Result "0-1"]
[WhiteElo "1543"]
[BlackElo "1723"]
[PlyCount "21"]
[EventDate "2019.07.31"]
[EventType "swiss"]
[EventRounds "9"]
[EventCountry "COL"]
[SourceTitle "EXT 2020"]
[Source "ChessBase"]
[SourceDate "2019.10.17"]
[SourceVersion "1"]
[SourceVersionDate "2019.10.17"]
[SourceQuality "1"]

1. e4 c5 2. Nc3 a6 3. Nf3 Nc6 4. d3 e6 5. Be2 Nf6 6. Bd2 Be7 7. 0-0 d6 8. Re1 e5 9. Nd5 0-0 10. c3 Qc7 11. Qc2 0-1

[Event "Medellin Aristizabal Cup"]
[Site "Medellin"]
[Date "2019.01.26"]
[Round "7"]
[White "Restrepo, Hugo"]
[Black "Chirivi Castiblanco, Angie Lizeth"]
[Result "0-1"]
[WhiteElo "1683"]
[BlackElo "2069"]
[PlyCount "72"]
[EventDate "2019.01.24"]
[EventType "swiss"]
[EventRounds "7"]
[EventCountry "COL"]
[SourceTitle "EXT 2020"]
[Source "ChessBase"]
[SourceDate "2019.10.17"]
[SourceVersion "1"]
[SourceVersionDate "2019.10.17"]
[SourceQuality "1"]

1. e4 e5 2. Nf3 Nc6 3. Bb5 a6 4. Ba4 Nf6 5. d3 d6 6. 0-0 b5 7. Bb3 Be7 8. c3 0-0 9. Re1 Bg4 10. Nbd2 Na5 11. Bc2 c5 12. h3 Bd7 13. Nf1 Qc7 14. Ne3 Rfc8 15. b3 Bf8 16. Bd2 g6 17. Nh2 Be6 18. Nhg4 Nxg4 19. hxg4 Qd8 20. d4 cxd4 21. cxd4 exd4 22. Nd5 Nc6 23. f4 Bg7 24. Rc1 h6 25. f5 Bxd5 26. exd5 Ne5 27. g5 d3 28. gxh6 dxc2 29. Rxc2 Bh8 30. fxg6 fxg6 31. Bc3 Qh4 32. Qc1 b4 33. Bd2 Rxc2 34. Qxc2 Rf8 35. Rxe5 Bxe5 36. Qxg6+ Kh8 0-1